<?xml version="1.0" encoding="utf-8"?>
<?xml-stylesheet type='text/xsl' href='./oai2.xsl'?>
<OAI-PMH xmlns="http://www.openarchives.org/OAI/2.0/" xmlns:xsi="http://www.w3.org/2001/XMLSchema-instance" xsi:schemaLocation="http://www.openarchives.org/OAI/2.0/ http://www.openarchives.org/OAI/2.0/OAI-PMH.xsd">
  <responseDate>2026-06-04T21:33:56Z</responseDate>
  <request verb="GetRecord" metadataPrefix="marcxml" identifier="record_kuniweb_23713">https://kulturerbe.niedersachsen.de/oai</request>
  <GetRecord>
    <record>
      <header>
        <identifier>record_kuniweb_23713</identifier>
        <datestamp>2026-03-31T19:09:18Z</datestamp>
        <setSpec>slg0116</setSpec>
      </header>
      <metadata>
        <marc:record xmlns:marc="http://www.loc.gov/MARC21/slim" xsi:schemaLocation="http://www.loc.gov/MARC21/slim http://www.loc.gov/standards/marcxml/schema/MARC21slim.xsd">
          <marc:leader>12345nrm  22     uu 4500</marc:leader>
          <marc:controlfield tag="001">23713</marc:controlfield>
          <marc:controlfield tag="003">http://kuniweb.gbv.de</marc:controlfield>
          <marc:controlfield tag="005">2019-12-06T11:28:52</marc:controlfield>
          <marc:controlfield tag="008">|           ||||||||||||||||||||||</marc:controlfield>
          <marc:datafield tag="245" ind1="1" ind2="0">
            <marc:subfield code="a">Grubenlampe</marc:subfield>
          </marc:datafield>
          <marc:datafield tag="655" ind1=" " ind2="7">
            <marc:subfield code="a">Alltagskultur</marc:subfield>
          </marc:datafield>
          <marc:datafield tag="046" ind1=" " ind2=" ">
            <marc:subfield code="k">1800</marc:subfield>
            <marc:subfield code="k">1800 - 1900</marc:subfield>
            <marc:subfield code="l">1900</marc:subfield>
          </marc:datafield>
          <marc:datafield tag="260" ind1=" " ind2=" ">
            <marc:subfield code="g">1800</marc:subfield>
            <marc:subfield code="g">1900</marc:subfield>
            <marc:subfield code="g">1800 - 1900</marc:subfield>
          </marc:datafield>
          <marc:datafield tag="300" ind1=" " ind2=" ">
            <marc:subfield code="a">Länge: 17 cm
Höhe: 12 cm (Gesamthöhe)
Höhe: 2,9 cm (Korpus)
Breite: 11 cm</marc:subfield>
          </marc:datafield>
          <marc:datafield tag="520" ind1=" " ind2=" ">
            <marc:subfield code="a">Grubenlampe aus Gusseisen mit gebogenem Haltegriff, der am hinterenTeil der Lampe mit Schraube und Mutter befestigt ist.
Der Haltegriff läuft in eine dreieckige Platte aus, die einen Messingreflektor trägt.  Lampenkorpus in Birnenform, im Tüllenbereich mit leicht konischer Wandung. Tülle besteht aus fest mit dem Korpus verbundenem ringförmigen Blech (angeschweißt). 
Griff und Haken durch Nietöse verbunden. Nach unten in eine Eichel auslaufend, nach oben Haken mit abknickender Spitze, mit S-Haken befestigt. Neben dem geschmiedeten Haken noch ein nachträglich angebrachter hakenförmiger Draht in den S-Haken eingehängt.
Verbindungskette zur Pinzette nicht vorhanden. Pinzette mit rundem Federende, spitz zulaufend, in Metallöse befestigt. Entnehmbar.
Einfüllöffnung mit rundem profilierten Zapfen verschlossen.
Aufgenietete Messingplatte mit Gravur. (Stadtmuseum Einbeck)

Gravur:
gekreuzte Hämmer und das Monogramm H N (in Kursive)

Verwendungszweck:
Bergbau</marc:subfield>
          </marc:datafield>
          <marc:datafield tag="650" ind1="1" ind2=" ">
            <marc:subfield code="a">Beleuchtung &gt; Leuchte &gt; Öllampe</marc:subfield>
          </marc:datafield>
          <marc:datafield tag="650" ind1="1" ind2=" ">
            <marc:subfield code="a">Gebrauchsgegenstand</marc:subfield>
          </marc:datafield>
          <marc:datafield tag="773" ind1="0" ind2=" ">
            <marc:subfield code="t">Sammlung Feuer und Licht</marc:subfield>
          </marc:datafield>
          <marc:datafield tag="852" ind1=" " ind2=" ">
            <marc:subfield code="a">Stadtmuseum Einbeck</marc:subfield>
          </marc:datafield>
          <marc:datafield tag="" ind1=" " ind2=" ">
            <marc:subfield code="a">Namensnennung - Weitergabe unter gleichen Bedingungen 4.0 International (CC BY-SA 4.0)</marc:subfield>
          </marc:datafield>
        </marc:record>
      </metadata>
    </record>
  </GetRecord>
</OAI-PMH>
